000 00657nam a22001937a 4500
003 OSt
005 20240928142232.0
008 240928b |||||||| |||| 00| 0 eng d
020 _a9781439648425
040 _aDDC
_cMUST
082 _a636 ANI 2011
100 _aEdited by Wilson G. Pond ...( et al )
_919242
245 _aAnimal Welfare in Animal Agriculture:
_bHusbandry, Stewardship and Sustainability in Animal Production.
_c Edited by Wilson G. Pond ...( et al )
260 _aNew York:
_bCRC PRESS Taylor & Francis Group,
_c2011.
300 _aix,140p.:
_c28cm.
504 _aIncludes References
650 _aAgriculture
_94591
942 _2ddc
_cO_SHELF
999 _c9428
_d9428